<?xml version="1.0" encoding="UTF-8"?>
<record
    xmlns:xsi="http://www.w3.org/2001/XMLSchema-instance"
    xsi:schemaLocation="http://www.loc.gov/MARC21/slim http://www.loc.gov/standards/marcxml/schema/MARC21slim.xsd"
    xmlns="http://www.loc.gov/MARC21/slim">

  <leader>01698    a2200181   4500</leader>
  <datafield tag="020" ind1=" " ind2=" ">
    <subfield code="a">0751509388 (hardcover)</subfield>
  </datafield>
  <datafield tag="020" ind1=" " ind2=" ">
    <subfield code="a">9780751509380 (hardcover)</subfield>
  </datafield>
  <datafield tag="090" ind1=" " ind2=" ">
    <subfield code="c">4595</subfield>
    <subfield code="d">4595</subfield>
  </datafield>
  <datafield tag="100" ind1="1" ind2=" ">
    <subfield code="a">Toffler, Alvin.</subfield>
  </datafield>
  <datafield tag="245" ind1="1" ind2="0">
    <subfield code="a">War and anti-war /</subfield>
    <subfield code="c">Alvin Toffler.</subfield>
  </datafield>
  <datafield tag="260" ind1=" " ind2=" ">
    <subfield code="a">[S.l.] :</subfield>
    <subfield code="b">Warner Books,</subfield>
    <subfield code="c">1995.</subfield>
  </datafield>
  <datafield tag="300" ind1=" " ind2=" ">
    <subfield code="a">412 p.</subfield>
  </datafield>
  <datafield tag="490" ind1="1" ind2=" ">
    <subfield code="a">Spanish edition.</subfield>
  </datafield>
  <datafield tag="520" ind1=" " ind2=" ">
    <subfield code="a">This book examines the subject that has haunted mankind since its origins - war. Beginning with an analysis of warfare in the past, it offers insights into today's conflicts - and a portrait of the future face of battle. Its premise is that the forms of war follow forms of economic activity. In pre-industrial agrarian societies, men fought hand-to-hand. With the age of mass production came mass destruction - the savage bombing sorties of World War II and Vietnam, as well as the omnipresent threat of nuclear annihilation. The "smart bombs" of the Gulf conflict, it warns, are precursors of what war could become as the information age unfolds: a battlefield dominated by "intelligent" weapons systems, from tiny, antlike robots that crawl into an adversary's headquarters to "autonomous arms" that, once programmed, decide when, and towards whom, they fire. The authors show how changes in the media business and the global economy are blurring the distinction between news and psychological warfare, and they call for bloodless battle (anti-war) as a new approach to world peace. Other work by the authors includes "Future Shock", "Third Wave" and "Powershift".</subfield>
  </datafield>
  <datafield tag="830" ind1=" " ind2="0">
    <subfield code="a">Spanish edition.</subfield>
  </datafield>
  <datafield tag="856" ind1="4" ind2="0">
    <subfield code="3">Amazon.com</subfield>
    <subfield code="u">http://www.amazon.com/exec/obidos/ASIN/0751509388/chopaconline-20</subfield>
  </datafield>
  <datafield tag="942" ind1=" " ind2=" ">
    <subfield code="a">NBS</subfield>
    <subfield code="c">BK</subfield>
    <subfield code="k">355.02 TOF</subfield>
  </datafield>
  <datafield tag="999" ind1=" " ind2=" ">
    <subfield code="c">347036</subfield>
    <subfield code="d">347036</subfield>
  </datafield>
  <datafield tag="952" ind1=" " ind2=" ">
    <subfield code="0">0</subfield>
    <subfield code="1">0</subfield>
    <subfield code="4">0</subfield>
    <subfield code="7">0</subfield>
    <subfield code="a">CL</subfield>
    <subfield code="b">CL</subfield>
    <subfield code="d">2013-08-28</subfield>
    <subfield code="l">2</subfield>
    <subfield code="o">355.02 TOF</subfield>
    <subfield code="p">NBS6857</subfield>
    <subfield code="r">2026-01-04</subfield>
    <subfield code="s">2026-01-03</subfield>
    <subfield code="w">2013-08-28</subfield>
    <subfield code="y">BK</subfield>
  </datafield>
</record>
